| 000 | 02048nam a22002537a 4500 | ||
|---|---|---|---|
| 005 | 20141112160313.0 | ||
| 010 | _aENG-111164 | ||
| 020 |
_a9789339217983 _c475.00 |
||
| 020 |
_a9339217985 _c475.00 |
||
| 035 | _aEN-94696 | ||
| 037 | _bDBAD/PUB | ||
| 082 | _a658.452 | ||
| 100 | _aDonovan, Jeremey | ||
| 245 |
_aHow to deliver a ted talk : _cby Jeremey Donovan _bsecrets of the world's most inspiring presentations / |
||
| 260 |
_aNew Delhi _bMcGraw Hill Education _c2014 |
||
| 270 |
_aP-24, Green Park Extension _bNew Delhi _e110016 |
||
| 300 |
_ax, 228p. _c23cm(pbk) |
||
| 500 | _a Includes bibliographical references and index. | ||
| 520 | _a "REVISED AND EXPANDED NEW EDITION A step-by-step playbook showing anyone how to give the speech "of their lives," based on intensive study of the most popular TED TalksTED is a nonprofit dedicated to Ideas Worth Spreading. What began in 1984 as a conference bringing together the thought leaders and luminaries from the worlds of technology, entertainment, and design in Long Beach, California, TED exploded in popularity and led to a second conference held in Edinburgh, Scotland, TEDGlobal. TED challenged the world’s most fascinating thinkers and doers to give the speech "of their lives" in 18 minutes or less.With more than 100 specific tips--including ways to open with an explicit statement of audience benefits and frame your idea worth spreading as an action-outcome response to a question worth asking--How to Deliver a TED Talk helps you select your topic, craft your story, master your delivery, and refine your design. It is a complete guide to creating presentations that inspire.A TEDx organizer and speaker, Jeremey Donovan is Group Vice President of Marketing at Gartner Inc., the world’s leading information technology research and advisory company with $1.6 billion in annual revenue"-- |c Provided by publisher. | ||
| 650 | _a Business presentations. | ||
| 650 | _a Public speaking. | ||
| 650 | _a Public speaking. | ||
| 942 |
_2ddc _cEN _mDON _h658.452 |
||
| 999 |
_c89901 _d89901 |
||